LEADER 01617nam a2200349 a 4500 001 000000123104 003 CaOOAMICUS 005 20100927153124.0 008 100927t2010 ja ad u000 u eng r 020 $z9784903452197* 040 $aPUL$bita 041 1 $aeng$hjpn 082 04$a952 100 1 $aIguchi, Takeo.$0(OLS)http://pul/name/77424 240 10$aKaisen shinwa$lInglese.$0(OLS)http://pul/title/155152 245 10$aDemystifying Pearl Harbor :$ba new perspective from Japan /$cIguchi Takeo ; translated by David Noble. 260 $aTokyo :$bInternational house of Japan,$cİ2010. 300 $axx, 343 p. :$bill., grafici ;$c24 cm 490 1 $aLTCB international library selection =$aCho?gin kokusai raiburari? so?sho ;$v27 504 $aBibliografia p. [319-330]. 650 4$aGuerra mondiale, 1939-1945$zStati Uniti.$0(OLS)http://pul/subject/21666 650 4$aGuerra mondiale,1939-1945 $zGiappone.$0(OLS)http://pul/subject/36323 700 1 $aNoble, David F.$0(OLS)http://pul/name/52887 830 0$aLTCB International Library Selection ;$v27.$0(OLS)http://pul/title/65185 850 $aPUL 852 $aPUL$W1$xDP2 Filosofia 3$y112$m952 TAKIG 1$j141468$qDDC 21$B140503$CPULBib$Z2$F140503 $H114711 $82 941 1 $a9 996 $6020$z9784903452197*$9(OLS)http://pul/number/145455 996 $6082$a952$9(OLS)http://pul/classification/738 996 $6245$aDemystifying Pearl Harbor :$ba new perspective from Japan$9(OLS)http://pul/title/155153 996 $6260$aTokyo :$bInternational house of Japan$9(OLS)http://pul/publisher/81409 LEADER 01421nam a2200301 a 4500 001 000000172761 003 CaOOAMICUS 005 20191012122345.0 008 191009s2005 it u000 u ita r 020 $a88-394-0710-3* 032 $aLibriCat 040 $aPUL$bita 082 04$a291.205 245 00$aCanti sumerici d'amore e morte : $bLa vicenda della dea Inanna/Ishtar e del dio Dumuzi/Tammuz /$ca cura di Pietro Mander. 260 $aBrescia :$bPaideia,$cİ2005. 300 $a200 p. ;$b$c21 cm. 490 1 $aTesti del Vicino Oriente antico.$a2, Letterature mesopotamiche ;$v08 504 $aBibliografia: p. 163-[171]. 651 4$aMesopotamia$xLetteratura.$0(OLS)http://pul/subject/46148 700 1 $aMander, Pietro.$0(OLS)http://pul/name/73934 830 0$aTesti del Vicino Oriente antico.$n2,$pLetterature mesopotamiche ;$v08.$0(OLS)http://pul/title/21440 850 $aPUL 852 $aPUL$W1$xSL Religione 3$y85$m291. 205 COLL 1.2.8$j196716$qDDC 21$B201487$CPULBib$Z2$F201487 $H133577 $81 996 $6020$a88-394-0710-3*$9(OLS)http://pul/number/166814 996 $6082$a291.205$9(OLS)http://pul/classification/2114 996 $6245$aCanti sumerici d'amore e morte : $bLa vicenda della dea Inanna/Ishtar e del dio Dumuzi/Tammuz$9(OLS)http://pul/title/213777 996 $6260$aBrescia :$bPaideia$9(OLS)http://pul/publisher/47884